000 01862cam a22004454i 4500
003 PE-LiUPU
005 20250731165431.0
008 160219s1993 pe grm 000 0 spa d
035 _a(Sirsi) a156244
040 _aPE-LiUPU
_bspa
_cPE-LiUPU
_erda
099 _aTE 2
_bQ73 1993
100 1 _aQuispe Calsin, Albina
_eautor
245 1 3 _aLa problemática del maltrato al menor y su influencia en el aprendizaje de la lecto - escritura /
_cAlbina Quispe Calsin.
264 0 _c1993.
300 _a159 hojas
_c30 cm
336 _atext
_2rdacontent
337 _aunmediated
_2rdamedia
338 _avolume
_2rdacarrier
502 _aTesis
_b(Lic.) --
_cUniversidad Peruana Unión,
_d1993.
504 _aIncluye referencias
520 3 _aLa agresión física del niño es un hecho presente en casi todas las naciones del mundo y en diferentes épocas de la historia humana. En nuestro país este problema se agudiza con el accionar de las fuerzas beligerantes en las zonas de emergencia. Entendemos que este problema atenta contra los fines y objetivos de la Educación Peruana y contra la formación integral del educando. Por esta razón es preciso sentar las bases de un autentico cambio estructural, de modo que la supervivencia infantil sea la misma para todos los niños.
526 _aSEG44
526 _aSEG26
526 _aP151
526 _aP150
526 _aP149
526 _aP146
526 _aP145
526 _aP126
526 _aP125
526 _aP92
526 _aP75
526 _aP74
526 _aP27
526 _aP15
650 0 4 _aAbuso del niño
_xAspectos psicológicos
_xPsicología del aprendizaje.
596 _a1
942 _2ddc
_cTESIS
999 _aTE 2 Q73 1993
_wALPHANUM
_c8928
_iT00187
_lCCODEBUL3
_mBUL
_r1
_sY
_tTESIS
_u2016-2-19
_xEDUCACION
_PP20
_o.STAFF. Tesis
_d8928
980 _81
_gALBERTO SANCHEZ Responsable de Automatización